[Event "Wiesbaden op 27th"]
[Site "Wiesbaden"]
[Date "2015.08.28"]
[Round "2"]
[White "Schmitt, Clemens"]
[Black "Haas, Frank Martin"]
[Result "0-1"]
[WhiteElo "1895"]
[BlackElo "2151"]
[PlyCount "88"]
[EventDate "2015.08.27"]
[EventType "swiss"]
[EventRounds "7"]
[EventCountry "GER"]
[SourceTitle "EXT 2016"]
[Source "ChessBase"]
[SourceDate "2015.10.08"]
[SourceVersion "1"]
[SourceVersionDate "2015.10.08"]
[SourceQuality "1"]

1. c4 e5 2. g3 Nf6 3. Bg2 d5 4. cxd5 Nxd5 5. Nc3 Nb6 6. e3 c5 7. Nge2 Nc6 8. 0-0 Be7 9. f4 exf4 10. Nxf4 0-0 11. b3 Ne5 12. Bb2 Ng4 13. Qe2 Nf6 14. Ne4 Nbd5 15. Nh5 Nxh5 16. Qxh5 f5 17. Nc3 Nb4 18. Rad1 Nd3 19. Ba1 Bf6 20. Bd5+ Kh8 21. e4 Nb4 22. Bf7 Qb6 23. Kg2 Bd4 24. Nd5 Nxd5 25. Bxd4 cxd4 26. Bxd5 g6 27. Qh6 Be6 28. Bxe6 Qxe6 29. exf5 Rxf5 30. Rxf5 Qxf5 31. Rf1 Qe4+ 32. Kg1 Qe7 33. Qf4 Rd8 34. Qf6+ Qxf6 35. Rxf6 Kg7 36. Rf4 Rd6 37. Kf2 g5 38. Rf3 g4 39. Rf4 Rf6 40. Ke2 Rxf4 41. gxf4 Kf6 42. Kf2 Kf5 43. Kg3 d3 44. b4 b5 0-1

[Event "Wiesbaden op 27th"]
[Site "Wiesbaden"]
[Date "2015.08.27"]
[Round "1"]
[White "Haas, Frank Martin"]
[Black "Wilk, David"]
[Result "1-0"]
[WhiteElo "2151"]
[BlackElo "1734"]
[PlyCount "81"]
[EventDate "2015.08.27"]
[EventType "swiss"]
[EventRounds "7"]
[EventCountry "GER"]
[SourceTitle "EXT 2016"]
[Source "ChessBase"]
[SourceDate "2015.10.08"]
[SourceVersion "1"]
[SourceVersionDate "2015.10.08"]
[SourceQuality "1"]

1. e4 e5 2. Nf3 Nc6 3. d4 exd4 4. c3 d6 5. cxd4 Bg4 6. Be3 Be7 7. Nc3 a6 8. Qb3 Qc8 9. d5 Ne5 10. Nxe5 dxe5 11. Bd3 Nf6 12. Rc1 0-0 13. 0-0 Bh3 14. f3 Bd7 15. Na4 Bxa4 16. Qxa4 Bd6 17. Rf2 Qd7 18. Qb3 b6 19. Rfc2 Qe7 20. Qa4 Nd7 21. Qc6 g6 22. Rc3 f5 23. exf5 gxf5 24. Bxf5 Rad8 25. Be6+ Kg7 26. Qc4 Rf4 27. Bxf4 exf4 28. Bxd7 Rxd7 29. Qxa6 Bc5+ 30. Rxc5 Qe3+ 31. Kf1 bxc5 32. Qc4 Kh6 33. Re1 Qd2 34. Re2 Qd1+ 35. Kf2 Rf7 36. d6 cxd6 37. Qxf7 Qd4+ 38. Kf1 Qd1+ 39. Re1 Qd3+ 40. Kg1 Qd4+ 41. Kh1 1-0

[Event "Oberliga Baden 1415"]
[Site "Baden"]
[Date "2015.04.12"]
[Round "9.6"]
[White "Cofman, Veaceslav"]
[Black "Haas, Frank Martin"]
[Result "1/2-1/2"]
[WhiteElo "2145"]
[BlackElo "2151"]
[PlyCount "81"]
[EventDate "2014.09.21"]
[EventType "team-tourn"]
[EventRounds "9"]
[EventCountry "GER"]
[SourceTitle "EXT 2016"]
[Source "ChessBase"]
[SourceDate "2015.10.08"]
[SourceVersion "1"]
[SourceVersionDate "2015.10.08"]
[SourceQuality "1"]
[WhiteTeam "Karlsruhe"]
[BlackTeam "Walldorf"]
[WhiteTeamCountry "GER"]
[BlackTeamCountry "GER"]

1. d4 Nf6 2. c4 e5 3. Nf3 exd4 4. Nxd4 Bb4+ 5. Bd2 Bxd2+ 6. Qxd2 0-0 7. Nc3 d5 8. cxd5 Nxd5 9. g3 Nxc3 10. Qxc3 Qd5 11. Nf3 Nc6 12. Bg2 Qa5 13. Qxa5 Nxa5 14. Rc1 Be6 15. 0-0 Rac8 16. b4 Nc6 17. a3 Nd8 18. Nd4 Bd7 19. Rc3 c6 20. Rfc1 Rb8 21. f4 Re8 22. Kf2 Ne6 23. Nb3 Rbd8 24. a4 a6 25. h4 Bc8 26. e3 Nc7 27. Nd4 Be6 28. Rc5 Bd5 29. Bh3 Be4 30. b5 axb5 31. axb5 Nxb5 32. Nxb5 cxb5 33. Rxb5 Rd2+ 34. Kg1 Bc6 35. Rb3 h5 36. Bf1 Ra8 37. Rbb1 Raa2 38. Ra1 Rab2 39. Rab1 Ra2 40. Ra1 Rab2 41. Rab1 1/2-1/2

[Event "Oberliga Baden 1415"]
[Site "Baden"]
[Date "2014.12.07"]
[Round "4.6"]
[White "Ruefenacht, Matthias"]
[Black "Haas, Frank Martin"]
[Result "1-0"]
[WhiteElo "2311"]
[BlackElo "2167"]
[PlyCount "69"]
[EventDate "2014.09.21"]
[EventType "team-tourn"]
[EventRounds "9"]
[EventCountry "GER"]
[SourceTitle "EXT 2016"]
[Source "ChessBase"]
[SourceDate "2015.10.08"]
[SourceVersion "1"]
[SourceVersionDate "2015.10.08"]
[SourceQuality "1"]
[WhiteTeam "Brombach"]
[BlackTeam "Walldorf"]
[WhiteTeamCountry "GER"]
[BlackTeamCountry "GER"]

1. e4 e6 2. d4 d5 3. Nc3 Nf6 4. e5 Nfd7 5. f4 c5 6. Nf3 Nc6 7. Be3 cxd4 8. Nxd4 Bc5 9. Qd2 a6 10. 0-0-0 Nxd4 11. Bxd4 b5 12. Ne4 Be7 13. Ng5 Bxg5 14. fxg5 Qe7 15. h4 Bb7 16. Rh3 Nc5 17. Bxc5 Qxc5 18. h5 Rc8 19. Rc3 Qe7 20. Rxc8+ Bxc8 21. Bd3 h6 22. g6 0-0 23. Rf1 Bd7 24. a3 Be8 25. Kb1 Qh4 26. gxf7+ Rxf7 27. Rxf7 Bxf7 28. Qa5 Qe7 29. Qxa6 Bxh5 30. Qxb5 Qc7 31. a4 Qxe5 32. a5 Qe1+ 33. Ka2 Kf8 34. Qc5+ Ke8 35. a6 1-0

[Event "Oberliga Baden 1415"]
[Site "Baden"]
[Date "2014.11.09"]
[Round "3.7"]
[White "Herbrechtsmeier, Christof"]
[Black "Haas, Frank Martin"]
[Result "1-0"]
[WhiteElo "2271"]
[BlackElo "2191"]
[PlyCount "45"]
[EventDate "2014.09.21"]
[EventType "team-tourn"]
[EventRounds "9"]
[EventCountry "GER"]
[SourceTitle "EXT 2016"]
[Source "ChessBase"]
[SourceDate "2015.10.08"]
[SourceVersion "1"]
[SourceVersionDate "2015.10.08"]
[SourceQuality "1"]
[WhiteTeam "Emmendingen"]
[BlackTeam "Walldorf"]
[WhiteTeamCountry "GER"]
[BlackTeamCountry "GER"]

1. e4 e6 2. d4 d5 3. Nc3 Nf6 4. Bg5 Be7 5. e5 Nfd7 6. Bxe7 Qxe7 7. f4 Nb6 8. a3 c5 9. Nf3 Bd7 10. Nb5 Bxb5 11. Bxb5+ Nc6 12. c3 0-0 13. 0-0 Rac8 14. Bd3 f6 15. exf6 Rxf6 16. g3 cxd4 17. cxd4 Nc4 18. Qe2 Nd6 19. Rae1 g6 20. Qe3 Re8 21. g4 Qc7 22. Ne5 Nxe5 23. dxe5 1-0

[Event "Bayern-chI Bank Hofmann 18th"]
[Site "Bad Wiessee"]
[Date "2014.10.29"]
[Round "6"]
[White "Meins, Gerlef"]
[Black "Haas, Frank Martin"]
[Result "1-0"]
[WhiteElo "2439"]
[BlackElo "2181"]
[PlyCount "77"]
[EventDate "2014.10.25"]
[EventType "swiss"]
[EventRounds "9"]
[EventCountry "GER"]
[SourceTitle "EXT 2015"]
[Source "ChessBase"]
[SourceDate "2014.11.20"]
[SourceVersion "1"]
[SourceVersionDate "2014.11.20"]
[SourceQuality "1"]

1. Nf3 Nf6 2. c4 e6 3. g3 b6 4. Bg2 Bb7 5. 0-0 c5 6. Nc3 Be7 7. Re1 d6 8. e4 Nbd7 9. d4 cxd4 10. Nxd4 Qb8 11. f4 h5 12. h3 a6 13. Be3 Qc7 14. Rc1 Rc8 15. b4 Qb8 16. b5 Rxc4 17. bxa6 Bxa6 18. Bf1 Rxc3 19. Rxc3 Bxf1 20. Nc6 Qb7 21. Rxf1 Nxe4 22. Rc1 Nxg3 23. Re1 Nc5 24. Qf3 Nf5 25. Bxc5 dxc5 26. Rb1 Bd8 27. Qd5 0-0 28. Qxc5 bxc5 29. Rxb7 Bf6 30. Reb1 c4 31. Rb8 g5 32. a4 gxf4 33. a5 Nd4 34. Nxd4 Bxd4+ 35. Kf1 f3 36. Rxf8+ Kxf8 37. Rb4 Be3 38. Rxc4 Ke8 39. Rc7 1-0

[Event "Verbandsliga Nord Baden 1314"]
[Site "Germany"]
[Date "2014.04.13"]
[Round "9.4"]
[White "Haas, Frank Martin"]
[Black "Roes, Helge"]
[Result "1-0"]
[WhiteElo "2180"]
[BlackElo "2181"]
[PlyCount "91"]
[EventDate "2013.10.20"]
[EventType "team-tourn"]
[EventRounds "9"]
[EventCountry "GER"]
[SourceTitle "EXT 2015"]
[Source "ChessBase"]
[SourceDate "2014.11.20"]
[SourceVersion "1"]
[SourceVersionDate "2014.11.20"]
[SourceQuality "1"]
[WhiteTeam "Walldorf"]
[BlackTeam "Weinheim"]
[WhiteTeamCountry "GER"]
[BlackTeamCountry "GER"]

1. e4 d5 2. exd5 Qxd5 3. Nc3 Qa5 4. d4 c6 5. Bc4 Nf6 6. Nf3 Bf5 7. Bd2 e6 8. Nd5 Qd8 9. Nxf6+ gxf6 10. Bb3 Bd6 11. Nh4 Bg6 12. Qf3 Nd7 13. Qh3 Rg8 14. 0-0-0 Qe7 15. Rhe1 0-0-0 16. d5 cxd5 17. Bxd5 Kb8 18. Nxg6 hxg6 19. Bxe6 fxe6 20. Rxe6 Rh8 21. Rxe7 Rxh3 22. Re6 Rxh2 23. Rxd6 Kc8 24. Ba5 b6 25. Bc3 Rxg2 26. Bxf6 Rf8 27. Bh4 g5 28. Bg3 Nf6 29. Rc6+ Kb7 30. Rc7+ Ka6 31. Rd4 Re8 32. a4 Rg1+ 33. Rd1 Rxd1+ 34. Kxd1 Ne4 35. Rg7 Nxg3 36. fxg3 Re5 37. Kd2 b5 38. axb5+ Rxb5 39. b3 Rf5 40. Ke3 Kb6 41. g4 Re5+ 42. Kd4 Rb5 43. Rg6+ Kc7 44. Ke4 Rc5 45. c4 Ra5 46. Kd4 1-0

[Event "Verbandsliga Nord Baden 1314"]
[Site "Germany"]
[Date "2014.01.12"]
[Round "4.4"]
[White "Haas, Frank Martin"]
[Black "Nonnenmacher, Eberhard"]
[Result "1/2-1/2"]
[WhiteElo "2180"]
[BlackElo "2285"]
[PlyCount "84"]
[EventDate "2013.10.20"]
[EventType "team-tourn"]
[EventRounds "9"]
[EventCountry "GER"]
[SourceTitle "EXT 2015"]
[Source "ChessBase"]
[SourceDate "2014.11.20"]
[SourceVersion "1"]
[SourceVersionDate "2014.11.20"]
[SourceQuality "1"]
[WhiteTeam "Walldorf"]
[BlackTeam "Heidelberg"]
[WhiteTeamCountry "GER"]
[BlackTeamCountry "GER"]

1. e4 c5 2. Nf3 Nc6 3. d4 cxd4 4. c3 dxc3 5. Nxc3 d6 6. Bc4 e6 7. 0-0 Be7 8. Qe2 a6 9. Rd1 Bd7 10. Bf4 e5 11. Be3 Nf6 12. h3 0-0 13. a3 b5 14. Ba2 Rc8 15. Rac1 h6 16. g4 Qa5 17. Nh4 Kh7 18. Nf5 Bxf5 19. gxf5 Nb8 20. Nd5 Nxd5 21. Rxc8 Rxc8 22. Bxd5 Nd7 23. Bxf7 Nf6 24. f3 Rc6 25. Qg2 Qd8 26. Kh1 Qf8 27. Bb3 Kh8 28. Rg1 Bd8 29. Qd2 Bb6 30. Bxb6 Rxb6 31. Rc1 Rb8 32. Rc6 Ne8 33. Qc2 Qe7 34. Qg2 a5 35. Qg6 Nf6 36. Be6 a4 37. Qg2 Ne8 38. Qc2 Qh4 39. Kg2 Kh7 40. Bf7 Qg5+ 41. Kh2 Qf4+ 42. Kg2 Qg5+ 1/2-1/2

[Event "Verbandsliga Nord Baden 1314"]
[Site "Germany"]
[Date "2013.11.17"]
[Round "2.3"]
[White "Kluss, Kai"]
[Black "Haas, Frank Martin"]
[Result "1/2-1/2"]
[WhiteElo "2147"]
[BlackElo "2180"]
[PlyCount "53"]
[EventDate "2013.10.20"]
[EventType "team-tourn"]
[EventRounds "9"]
[EventCountry "GER"]
[SourceTitle "EXT 2015"]
[Source "ChessBase"]
[SourceDate "2014.11.20"]
[SourceVersion "1"]
[SourceVersionDate "2014.11.20"]
[SourceQuality "1"]
[WhiteTeam "Bad Mergentheim II"]
[BlackTeam "Walldorf"]
[WhiteTeamCountry "GER"]
[BlackTeamCountry "GER"]

1. d4 Nf6 2. c4 Nc6 3. d5 Ne5 4. e3 e6 5. Nf3 Nxf3+ 6. Qxf3 Bb4+ 7. Nc3 Bxc3+ 8. bxc3 Qe7 9. Qg3 d6 10. Qxg7 Rg8 11. Qh6 exd5 12. cxd5 Qe5 13. Bb2 Nxd5 14. Qxh7 Rg6 15. Bd3 Nf6 16. Qh4 Rxg2 17. 0-0-0 Rg4 18. Qh8+ Rg8 19. Qh4 Rg4 20. Qh3 Ke7 21. Qf3 Qg5 22. c4 Nd7 23. Qe2 Ne5 24. f4 Nxd3+ 25. Qxd3 Qf5 26. Qxf5 Bxf5 27. Rhg1 1/2-1/2

[Event "Verbandsliga Nord Baden 1213"]
[Site "Baden"]
[Date "2013.04.21"]
[Round "9.4"]
[White "Welz, Thomas"]
[Black "Haas, Frank Martin"]
[Result "1/2-1/2"]
[WhiteElo "2207"]
[BlackElo "2180"]
[PlyCount "94"]
[EventDate "2012.10.21"]
[EventType "team-tourn"]
[EventRounds "9"]
[EventCountry "GER"]
[SourceTitle "EXT 2014"]
[Source "ChessBase"]
[SourceDate "2013.11.20"]
[SourceVersion "1"]
[SourceVersionDate "2013.11.20"]
[SourceQuality "1"]
[WhiteTeam "Eppingen II"]
[BlackTeam "Walldorf"]
[WhiteTeamCountry "GER"]
[BlackTeamCountry "GER"]

1. Nf3 Nf6 2. d4 e6 3. e3 c5 4. Be2 b6 5. 0-0 Bb7 6. c4 Be7 7. Nc3 cxd4 8. exd4 d5 9. Be3 dxc4 10. Bxc4 0-0 11. Rc1 Nc6 12. a3 Rc8 13. Qe2 Na5 14. Ba2 Ne4 15. Nxe4 Bxe4 16. Rxc8 Qxc8 17. b4 Nc6 18. Rc1 Qd7 19. Nd2 Bd5 20. Bxd5 exd5 21. Qb5 Rc8 22. Nf3 Bf6 23. h3 g6 24. Bh6 Bg7 25. Bxg7 Kxg7 26. Rc3 f6 27. Qa4 Kf7 28. Qb5 Rc7 29. Kf1 Ne7 30. Qxd7 Rxd7 31. Ke2 Ke6 32. Kd3 Kd6 33. Rc1 Rc7 34. Re1 Rc8 35. g4 h6 36. h4 Rf8 37. Re2 g5 38. Re1 f5 39. hxg5 fxg4 40. Ne5 hxg5 41. Rh1 Rxf2 42. Rh6+ Kc7 43. Rh7 Kd6 44. Rh6+ Kc7 45. Rh7 Kd6 46. Rh6+ Kc7 47. Rh7 Kd6 1/2-1/2

[Event "Verbandsliga Nord Baden 1213"]
[Site "Baden"]
[Date "2013.02.17"]
[Round "6.2"]
[White "Haas, Frank Martin"]
[Black "Mueller, Rudolf"]
[Result "1/2-1/2"]
[WhiteElo "2180"]
[BlackElo "2172"]
[PlyCount "118"]
[EventDate "2012.10.21"]
[EventType "team-tourn"]
[EventRounds "9"]
[EventCountry "GER"]
[SourceTitle "EXT 2014"]
[Source "ChessBase"]
[SourceDate "2013.11.20"]
[SourceVersion "1"]
[SourceVersionDate "2013.11.20"]
[SourceQuality "1"]
[WhiteTeam "Walldorf"]
[BlackTeam "Karlsruhe II"]
[WhiteTeamCountry "GER"]
[BlackTeamCountry "GER"]

1. e4 e5 2. Nf3 Nc6 3. Bb5 a6 4. Bxc6 dxc6 5. 0-0 Qd6 6. d3 Bg4 7. Be3 c5 8. Nbd2 Qf6 9. c3 0-0-0 10. Bg5 Qxg5 11. Nxg5 Bxd1 12. Raxd1 Nh6 13. Nc4 Be7 14. Nh3 f6 15. f4 Ng4 16. fxe5 b5 17. Rf4 h5 18. Na5 Nxe5 19. Nf2 Rd6 20. Kf1 Rhd8 21. Ke2 Bf8 22. a3 g6 23. b4 cxb4 24. axb4 Bh6 25. Rh4 Bg5 26. Rh3 Re8 27. Nb3 f5 28. d4 Ng4 29. e5 Rc6 30. Nc5 a5 31. Nxg4 hxg4 32. Rh7 a4 33. Kd3 f4 34. Rf1 Rf8 35. d5 Rd8 36. Ke4 Rb6 37. Ne6 Rxe6 38. dxe6 Rd2 39. Rh8+ Kb7 40. h4 gxh3 41. Rxh3 Re2+ 42. Kd4 Kc6 43. Rd1 a3 44. Rh7 a2 45. e7 Bxe7 46. Rxe7 Rd2+ 47. Rxd2 a1Q 48. Kd3 Qb1+ 49. Ke2 Qe4+ 50. Kd1 g5 51. Kc1 Qe3 52. Kc2 g4 53. e6 g3 54. Rf7 Qxe6 55. Rxf4 Qa2+ 56. Kc1 Qa1+ 57. Kc2 Qa2+ 58. Kc1 Qa1+ 59. Kc2 Qa2+ 1/2-1/2

[Event "Verbandsliga Nord Baden 1213"]
[Site "Baden"]
[Date "2012.10.21"]
[Round "1.4"]
[White "Haas, Frank Martin"]
[Black "Bartsch, Steffen"]
[Result "1/2-1/2"]
[WhiteElo "2180"]
[BlackElo "2275"]
[PlyCount "63"]
[EventDate "2012.10.21"]
[EventType "team-tourn"]
[EventRounds "9"]
[EventCountry "GER"]
[SourceTitle "EXT 2014"]
[Source "ChessBase"]
[SourceDate "2013.11.20"]
[SourceVersion "1"]
[SourceVersionDate "2013.11.20"]
[SourceQuality "1"]
[WhiteTeam "Walldorf"]
[BlackTeam "Hockenheim II"]
[WhiteTeamCountry "GER"]
[BlackTeamCountry "GER"]

1. e4 e6 2. d4 d5 3. Nd2 dxe4 4. Nxe4 Bd7 5. Nf3 Bc6 6. Bd3 Bxe4 7. Bxe4 c6 8. c4 Bb4+ 9. Bd2 Bxd2+ 10. Qxd2 Nf6 11. Bc2 h6 12. 0-0-0 Nbd7 13. Rhe1 Qc7 14. d5 cxd5 15. cxd5 0-0-0 16. dxe6 Nc5 17. Qc3 Rxd1+ 18. Rxd1 Nxe6 19. Qxc7+ Kxc7 20. Ne5 Nd8 21. Ba4 Rf8 22. f3 a6 23. Rd2 b5 24. Bb3 g5 25. g3 h5 26. a4 g4 27. f4 h4 28. axb5 axb5 29. Rc2+ Kb7 30. Rc5 Kb6 31. Rc8 Kb7 32. Rc5 1/2-1/2